1059 1117 1147 1112 1544 1063 1333 1858 1355 1648 1606 1220 1260 1658 1603 1134 1384 1528 1200 1615 1755 1374 1420 1107 1121 1842 1265 1873 1176 1048 1219 1442 1434 1135 1610 1379 1428 1452 1985 1624 1313 1834 1527 1103 1237 1483 1334 1059 1895 1402 1945 1869 1534 1221 1880 1625 1309 1772 1164 1539 1027 1858 1947 1129 1112 1345 1313 1430 1535 1365 1496 1608 1448 1641 1254 1014 1202 1642 1790 1991 1303 1961 1551 1463 1041 1500 1818 1342 1487 1878 1164 1021 1765 1516 1435 1458 1843 1354 1808 BCNSPRNW ULIB Ver.6.0+V

เปลี่ยนเป็นภาษาไทย

Change to English
 แสดงรายละเอียดบรรณานุกรม
  กลับหน้าหลัก

Brief Record : Get Marc (ISO 2709) : E-mail record : QR code < ปิดหน้าต่าง
LEADER : 00000nam 2200000uu 4500
001    13399111242
003     ULIB
008    110621s||||||||th 000 0 tha d
020    974962436X
050  4 BF637.C45^bส491จ 2548
100 0  สุรพล พยอมแย้ม
245 10 จิตวิทยาสัมพันธภาพ =^bPsychology of interpersonal relations /^cสุรพล พยอมแย้ม
246 31 Psychology of interpersonal relations
260    กรุงเทพฯ :^bบางกอก-คอมเทค อินเตอร์เทรด,^c2548
300    296 หน้า
650  4 มนุษยสัมพันธ์
650  4 การสื่อสารระหว่างบุคคล^xแง่จิตวิทยา
650  4 บุคลิกภาพ
650  4 การปรับตัว (จิตวิทยา)
945    ^p200^l0^i027975
945    ^p200^l0^i017167
945    ^p200^l0^i017012
995    ทศพร
999 ^a ใช้งานได้ทุกระบบ
รายการนี้ยังไม่มีแท็ก
คุณยังไม่ได้ล็อกอิน คุณสามารถมีกิจกรรมร่วมกับเว็บไซต์ได้ แต่ต้องล็อกอินก่อน ::
  ล็อกอิน

รายการสื่อสารสนเทศ

ลำดับที่ ประเภท เลขเรียก/บาร์โค้ด สถานที่ สถานะ
- ไม่พบข้อมูล -

รายการใกล้เคียง
    หัวเรื่อง [มนุษยสัมพันธ์]
    หัวเรื่อง [บุคลิกภาพ]
    หัวเรื่อง [การปรับตัว (จิตวิทยา)]

BibComment


ยังไม่เคยถูกคอมเมนท์

คอมเมนท์ทรัพยากรรายการนี้
  คอมเมนท์: จิตวิทยาสัมพันธภา..


 Copyright 2026. Bcnsprnw @Library